000 00689nam a22002532a 4500
001 6223
003 BD-RjUL
005 20211208234216.0
008 140109s1973 enka 000 0 eng d
020 _a0091137705(cased)
020 _a0091137713(pab)
035 _a(BD-RjUL)6263
040 _aUKM
_cUKM
_dBD-RjUL
_beng
041 _aeng
082 _a001.6
_218
_bMEE 1973
100 1 _aMerriman, David.
_919571
245 1 0 _aElectronic data processing :
_ban introduction /
_cDavid Merriman
260 _aLondon :
_bHutchinson,
_c1973
300 _a151 p. :
_bill. ;
_c22 cm
650 0 _aElectronic data processing
_919572
942 _2ddc
_cBK
999 _c6223
_d6223